Statistics for Laura Dern Filmography

Click here to take the quiz!

General Stats

  • This quiz has been taken 32 times
    (6 since last reset)
  • The average score is 40 of 107

Answer Stats

TypeYearName% Correct
Film1993Jurassic Park
100%
Film2001Jurassic Park III
100%
Film2022Jurassic World: Dominion
83%
Film2017Star Wars: The Last Jedi
83%
Film1986Blue Velvet
67%
TV Show2017Twin Peaks
67%
Film2014Wild
67%
Film1990Wild at Heart
67%
Film201499 Homes
50%
Film1974Alice Doesn't Live Here Anymore
50%
TV Show2017-2019Big Little Lies
50%
Film2017Downsizing
50%
Film1983Grizzly II: The Concert
50%
Film2006Inland Empire
50%
Video Game2018Jurassic World Evolution
50%
TV Show2002, 2003King of the Hill
50%
Film2019Little Women
50%
Film2019Marriage Story
50%
FilmTBAMorning
50%
Film1999October Sky
50%
TV Film2008Recount
50%
TV Show1993Saturday Night Live
50%
Film2014The Fault in Our Stars
50%
Film2022The Son
50%
TV Film1992Afterburn
33%
Film1993A Perfect World
33%
Film1996Bastard Out of Carolina
33%
Music Video2022Bejeweled
33%
Film2015Bravetown
33%
TV Film2013Call Me Crazy: A Five Film
33%
Film2016Certain Women
33%
Film1996Citizen Ruth
33%
Film2019Cold Pursuit
33%
Documentary2020Crazy, Not Insane
33%
Film2001Daddy and Them
33%
TV Film2002Damaged Care
33%
TV Film1995Down Came a Blackbird
33%
Film2000Dr. T & the Women
33%
TV Show2014Drunk History
33%
TV Show1997Ellen
33%
TV Show2011-2013Enlightened
33%
Film2010Everything Must Go
33%
TV Show1993Fallen Angels
33%
Film1989Fat Man and Little Boy
33%
Short Film2011Fight for Your Right Revisited
33%
Web Series2015-2021F Is for Family
33%
Film2001Focus
33%
Film1980Foxes
33%
TV Show1995Frasier
33%
Short Film2002Goose
33%
Film2005Happy Endings
33%
TV Film1983Happy Endings
33%
Film1988Haunted Summer
33%
Film2001I Am Sam
33%
TV Film1990Industrial Symphony No. 1
33%
TV Show1980Insight
33%
Film2018JT LeRoy
33%
TV Show2014Kroll Show
33%
Film1982Ladies and Gentlemen, The Fabulous Stains
33%
Film2010Little Fockers
33%
Film2006Lonely Hearts
33%
FilmTBALonely Planet
33%
Film1985Mask
33%
TV Show1989Nightmare Classics
33%
Film2001Novocaine
33%
Web SeriesTBAPalm Royale
33%
Film1991Rambling Rose
33%
TV Show1981Shannon
33%
Film1985Smooth Talk
33%
Film1984Teachers
33%
Film2009Tenderness
33%
TV Film1998The Baby Dance
33%
Film2016The Founder
33%
Short Film2017The Good Time Girls
33%
TV Show1998The Larry Sanders Show
33%
TV Show2017The Last Man on Earth
33%
Film2012The Master
33%
TV Show2015The Mindy Project
33%
Short Film2008The Monday Before Thanksgiving
33%
Film2005The Prize Winner of Defiance, Ohio
33%
TV Film1996The Siege of Ruby Ridge
33%
TV Film2018The Tale
33%
TV Show2002The West Wing
33%
TV Show2022The White Lotus
33%
Film2018Trial by Fire
33%
Web Series2017Unbreakable Kimmy Schmidt
33%
Film2004We Don't Live Here Anymore
33%
Film2014When the Game Stands Tall
33%
Film1973White Lightning
33%
Film2017Wilson
33%
TV Film2001Within These Walls
33%
Film2007Year of the Dog
33%
Short Film20149 Kisses
17%
Documentary Mini-Series1994A Century of Women
17%
TV Special2021A Night in the Academy Museum
17%
TV Film1999A Season for Miracles
17%
Commercial2022Barbasol
17%
TV Film2012Change Begins Within
17%
Documentary Series2005Nature
17%
Film2024Ozi - Voice of the Forest
17%
Documentary Series2015, 2016Saving My Tomorrow
17%
Documentary2022The Endangered Generation
17%
Theater1988The Palace of Amateurs
17%
TV Film1984The Three Wishes of Billy Grier
17%
TV Documentary2017The Words That Built America
17%
Commercial2021-PresentTrue Botanicals
17%
Web Series2005Weather Report
17%

Score Distribution

Percentile by Number Answered

Percent of People with Each Score

Your Score History

You have not taken this quiz since the last reset